KOHA-Header-6

Proceedings of The Eight Biennial Conference Computational Techniques and Applications (Record no. 8508)

000 -LEADER
fixed length control field 00324nam a2200109Ia 4500
100 ## - MAIN ENTRY--AUTHOR NAME
Personal name Noye, Teubner, Gill
245 #0 - TITLE STATEMENT
Title Proceedings of The Eight Biennial Conference Computational Techniques and Applications
260 ## - PUBLICATION, DISTRIBUTION, ETC. (IMPRINT)
Place of publication London
Name of publisher Addison
Year of publication 1997
300 ## - PHYSICAL DESCRIPTION
Number of Pages 744
942 ## - ADDED ENTRY ELEMENTS (KOHA)
Koha item type Books
Holdings
Withdrawn status Lost status Collection code Permanent Location Current Location Shelving location Date acquired Full call number Accession Number Koha item type
    Computer Science MAJU MAJU Shelf No.A19 2019-09-14 346.7 3253 Computer Science

Powered by Koha